Những khoảnh khắc sống mãi theo cùng năm tháng trên hành trình đến nền giáo dục mở
Nội dung tài liệu nhằm tạo điều kiện thuận lợi cho bạn đọc hiểu được phương cách về xây dựng nền giáo dục mở trong điều kiện đất nước chuyển đổi từ nền kinh tế hoạch định, bậc cấp sang nền kinh tế mở, kinh teea thị trường....
में बचाया:
| मुख्य लेखक: | |
|---|---|
| अन्य लेखक: | , |
| स्वरूप: | पुस्तक |
| भाषा: | Vietnamese |
| प्रकाशित: |
H.
Nông nghiệp
2019
|
| विषय: | |
| टैग : |
टैग जोड़ें
कोई टैग नहीं, इस रिकॉर्ड को टैग करने वाले पहले व्यक्ति बनें!
|
| Thư viện lưu trữ: | Thư viện Trường Đại học Nam Cần Thơ |
|---|
| LEADER | 01330nam a22002177a 4500 | ||
|---|---|---|---|
| 001 | NCT_4_002220 | ||
| 008 | 231219b xxu||||| |||| 00| 0 vie d | ||
| 999 | |c 7973 |d 7973 | ||
| 020 | |c 100000 | ||
| 082 | 0 | 4 | |2 23rd ed. |a 779 |b Ph561 |
| 100 | 1 | |a Cao Văn Phường |e Chủ biên | |
| 245 | 1 | 0 | |a Những khoảnh khắc sống mãi theo cùng năm tháng trên hành trình đến nền giáo dục mở |c Cao Văn Phường (Chủ biên);Cao Việt Hiếu, Nguyễn Văn Út...[et al] |
| 260 | |a H. |b Nông nghiệp |c 2019 | ||
| 300 | |a 376tr. |b minh họa |c 24 cm | ||
| 520 | 3 | |a Nội dung tài liệu nhằm tạo điều kiện thuận lợi cho bạn đọc hiểu được phương cách về xây dựng nền giáo dục mở trong điều kiện đất nước chuyển đổi từ nền kinh tế hoạch định, bậc cấp sang nền kinh tế mở, kinh teea thị trường. | |
| 653 | |a Kinh tế Chính trị | ||
| 700 | 1 | |a Cao Việt Hiếu | |
| 700 | 1 | |a Nguyến Văn Út | |
| 942 | |2 ddc |c BK | ||
| 952 | |0 0 |1 0 |2 ddc |4 0 |6 779_000000000000000_PH561 |7 0 |9 28332 |a 000001 |b 000001 |d 2023-12-19 |o 779 Ph561 |p MD.22053 |r 2023-12-19 |v 100000.00 |w 2023-12-19 |y BK | ||
| 980 | |a Thư viện Trường Đại học Nam Cần Thơ | ||